Missing Word: SNL Quiz Stats

 Plays Quiz Updated Dec 5, 2015

Challenge
Share
Tweet
Embed
Score 0/30 Timer 04:00
0 Plays Today
Hint Missing Word % Correct
Frequent HostsTom
97.8%
Recurring SketchesWorld
96.4%
Famous Female MembersTina
96.4%
Famous Male MembersWill
96.1%
Frequent HostsBaldwin
95.2%
Frequent HostsSteve
91.7%
Famous Male MembersSandler
89.7%
Frequent HostsJohn
88.4%
Famous Male MembersMurphy
86.3%
Recurring SketchesUpdate
83.1%
Famous Female MembersPoehler
78.5%
Famous Male MembersAndy
75.9%
Frequent HostsWalken
75.5%
Famous Male MembersBill
74.3%
SNL MoviesBlues
74%
Hint Missing Word % Correct
Famous Female MembersWiig
72.7%
SNL MoviesCone
72.6%
Recurring CharactersDowner
63.6%
Recurring SketchesCelebrity
63.3%
SNL MoviesRoxbury
59.5%
Famous Female MembersJan
49%
Recurring CharactersUncle
47.1%
Famous Female MembersDratch
47.1%
Recurring SketchesLand
41.8%
Recurring SketchesTalk
39.4%
SNL MoviesLadies
26.1%
SNL MoviesStuart
23.5%
Recurring CharactersThespian
9.2%
Recurring CharactersSamurai
8.9%
Recurring CharactersIrwin
5.4%

Today's Daily Dose

Missing Word
Hayao Miyazaki

Word Ladder
Florida

On This Day
December 13th II

You're not logged in!

Compare scores with friends on all Sporcle quizzes.
OR
Log In

You Might Also Like...

Show Comments

Extras

Top Quizzes Today


Score Distribution

Your Account Isn't Verified!

In order to create a playlist on Sporcle, you need to verify the email address you used during registration. Go to your Sporcle Settings to finish the process.

Report this User

Report this user for behavior that violates our Community Guidelines.

Details: